[Event "SZCZYRK OPEN - TURNIEJ Z OKAZJI SWIETA NIEPODLEGLOSCI - BLITZ 3'+2'' "]
[Site "Szczyrk"]
[Date "2018-11-11"]
[Round "8.64"]
[White "Borsuk, Aleksandra "]
[Black "Rylski, Tadeusz"]
[Result "1-0"]
[WhiteTitle ""]
[BlackTitle ""]
[WhiteElo "1221"]
[BlackElo "1098"]

1. e4 e6 2. d4 d5 3. exd5 exd5 4. Bd3 Bd6 5. Nf3 Bg4 6. Bg5 f6 7. Bh4 Nc6 8. c3
Nge7 9. Nbd2 Nf5 10. Qc2 Qe7+ 11. Kf1 Nxh4 12. Nxh4 g5 13. Nf5 Bxf5 14. Bxf5 Bf4
15. Re1 Ne5 16. dxe5 fxe5 17. g3 Rf8 18. Bh3 Be3 19. Rxe3 g4 20. Bxg4 Qg5 21.
Kg2 Qxg4 22. Rxe5+ Kd8 23. Rxd5+ Kc8 24. Re1 Qg8 25. Rf5 Rxf5 26. Qxf5+ Kb8 27.
Qe5 c6 28. Qe8+ Qxe8 29. Rxe8+ Kc7 1-0

[Event "SZCZYRK OPEN - TURNIEJ Z OKAZJI SWIETA NIEPODLEGLOSCI - BLITZ 3'+2'' "]
[Site "Szczyrk"]
[Date "2018-11-11"]
[Round "8.65"]
[White "Bohdanowicz, Nikola"]
[Black "Kowalska, Julia"]
[Result "1-0"]
[WhiteTitle ""]
[BlackTitle ""]
[WhiteElo "1220"]
[BlackElo "1033"]

1. d4 d5 2. Nf3 Nc6 3. c4 dxc4 4. Nc3 Nf6 5. e3 b5 6. Nxb5 Qd5 7. Nc3 Qe6 8. Qa4
Bd7 9. Bxc4 Nxd4 10. Bxe6 Bxa4 11. exd4 fxe6 12. Nxa4 Ne4 13. O-O Kf7 14. Ne5+
Kf6 15. f3 Ng5 16. Bxg5+ Kxg5 17. f4+ Kf5 18. Rae1 g6 19. g4+ Kf6 20. Nd7+ Kf7
21. Nxf8 Rhxf8 22. Re5 Rfd8 23. Rd1 Rab8 24. b3 Rb4 25. Nc5 Rd6 26. a3 Rbxd4 27.
Rxd4 Rxd4 28. Nxe6 Rd3 29. Nxc7 Rxb3 30. a4 Rb4 31. Nd5 Rxa4 32. Rxe7+ Kg8 33.
Nf6+ Kh8 34. Rxh7# 1-0

[Event "SZCZYRK OPEN - TURNIEJ Z OKAZJI SWIETA NIEPODLEGLOSCI - BLITZ 3'+2'' "]
[Site "Szczyrk"]
[Date "2018-11-11"]
[Round "8.66"]
[White "Banaczyk, Piotr"]
[Black "Reszka, Zofia"]
[Result "0-1"]
[WhiteTitle ""]
[BlackTitle ""]
[WhiteElo "1125"]
[BlackElo "1219"]

1. e4 c5 2. d4 cxd4 3. c3 dxc3 4. Nxc3 e6 5. Bc4 a6 6. a4 Qc7 7. Bb3 Nf6 8. Nf3
d6 9. O-O Be7 10. Be3 O-O 11. Rc1 Qd8 12. Qe2 Nc6 13. Rfd1 Bd7 14. Bg5 Rc8 15.
Bf4 e5 16. Bg3 Qb6 17. Ba2 Nb4 18. Bc4 Rc7 19. Qe1 Rfc8 20. Bd5 Nbxd5 21. Nxd5
Nxd5 22. exd5 Qxb2 23. Rxc7 Rxc7 24. Qa5 Rc1 25. Qe1 Rxd1 26. Qxd1 Qb6 27. Qc2
Qc5 28. Qb1 Qc7 29. h3 Bxa4 30. Qb4 Bd7 31. Bh4 Bxh4 32. Nxh4 a5 33. Qa3 a4 34.
Nf3 h6 35. Qb2 b6 36. Nd2 Qa7 37. Qa3 Qa5 38. Qxd6 Be8 39. Qd8 Kf8 40. Nc4 Qe1+
41. Kh2 Qc3 42. Nd6 Kg8 43. Qxe8+ Kh7 44. Qxf7 Qd3 45. Nf5 Qxf5 46. Qxf5+ 0-1

[Event "SZCZYRK OPEN - TURNIEJ Z OKAZJI SWIETA NIEPODLEGLOSCI - BLITZ 3'+2'' "]
[Site "Szczyrk"]
[Date "2018-11-11"]
[Round "8.67"]
[White "Mansz, Martyna "]
[Black "Prawucka, Zofia"]
[Result "1-0"]
[WhiteTitle ""]
[BlackTitle ""]
[WhiteElo "1066"]
[BlackElo "1216"]

1. g3 d5 2. d4 Nc6 3. Nf3 Bf5 4. Nc3 f6 5. Bg2 e5 6. dxe5 fxe5 7. Ng5 h6 8. Nf3
Bb4 9. Bd2 Nf6 10. e4 dxe4 11. Nh4 g5 12. Nxf5 Bxc3 13. Bxc3 Qxd1+ 14. Rxd1 Nd7
15. Ng7+ Ke7 16. Nf5+ Ke8 17. Ng7+ Ke7 18. Nf5+ Ke8 19. Bxe4 Rd8 20. Ng7+ Ke7
21. Bxc6 bxc6 22. Nf5+ Ke8 23. O-O Kf7 24. Rfe1 Rde8 25. Rxd7+ Kf6 26. Ne3 Ke6
27. Red1 Re7 28. Rxe7+ Kxe7 29. Nc4 Rd8 30. Rxd8 Kxd8 31. Nxe5 c5 32. Nf7+ Ke7
33. Nxh6 Ke6 34. Ng4 Kf5 35. Ne3+ Ke6 36. Nc4 Kd5 37. Na5 a6 38. b4 cxb4 39. Bxb4
Ke6 40. Nb7 c6 41. Nc5+ Kd5 42. Nxa6 g4 43. Nc7+ Kc4 44. Be7 c5 45. Ne6 Kc3 46.
Nxc5 Kxc2 47. a4 Kb3 48. a5+ Kb4 49. a6 Kb5 50. a7 Kb6 51. a8=Q Kc7 52. Qa7+ Kc8
53. Qb7# 1-0

[Event "SZCZYRK OPEN - TURNIEJ Z OKAZJI SWIETA NIEPODLEGLOSCI - BLITZ 3'+2'' "]
[Site "Szczyrk"]
[Date "2018-11-11"]
[Round "8.68"]
[White "Komisarski, Jerzy"]
[Black "Karwot, Marek"]
[Result "0-1"]
[WhiteTitle ""]
[BlackTitle ""]
[WhiteElo "1208"]
[BlackElo "1078"]

1. e4 c5 2. Nc3 Nc6 3. f4 e6 4. g3 d6 5. Bg2 g6 6. Nf3 Bg7 7. O-O Nge7 8. d3 O-O
9. Be3 Nd4 10. Ne2 Nxf3+ 11. Bxf3 f5 12. c3 Qc7 13. d4 c4 14. Qc2 Bd7 15. e5 d5
16. Kh1 b5 17. Ng1 a6 18. Nh3 h6 19. Qe2 Nc6 20. Bg2 Rad8 21. g4 Kh8 22. gxf5
Rxf5 23. Nf2 Rdf8 24. Bh3 R5f7 25. Rg1 Kh7 26. Qg4 Ne7 27. Qe2 Qd8 28. Ng4 Nf5
29. Nf2 Qe7 30. Bxf5 gxf5 31. Nd1 Be8 32. Qg2 Rg8 33. Qg6+ Kh8 34. Qh5 Bf8 35.
Nf2 Rfg7 36. Rxg7 Rxg7 37. Rg1 Bxh5 38. Rxg7 Bf3+ 39. Kg1 Qxg7+ 40. Kf1 Qg2+ 41.
Ke1 Qg1+ 42. Kd2 Qf1 43. a3 Qe2+ 44. Kc1 Qxe3+ 45. Kb1 Qxf2 46. Ka2 Bd1 47. h4
Qc2 48. h5 Qb3+ 49. Ka1 Bc2 50. a4 Qxa4# 0-1

[Event "SZCZYRK OPEN - TURNIEJ Z OKAZJI SWIETA NIEPODLEGLOSCI - BLITZ 3'+2'' "]
[Site "Szczyrk"]
[Date "2018-11-11"]
[Round "8.69"]
[White "Oklinski, Franciszek "]
[Black "Miler, Franciszek"]
[Result "0-1"]
[WhiteTitle ""]
[BlackTitle ""]
[WhiteElo "1098"]
[BlackElo "1197"]

1. d4 c5 2. d5 e5 3. e4 d6 4. c4 g6 5. Nc3 Bg7 6. Bd3 Ne7 7. Nge2 O-O 8. O-O f5
9. exf5 gxf5 10. f3 Ng6 11. f4 e4 12. Bc2 Qe7 13. Ng3 Nd7 14. Nxf5 Rxf5 15. Bxe4
Rf8 16. Re1 Qf7 17. f5 Nge5 18. Rf1 Nf6 19. Bc2 Nfg4 20. h3 Nf6 21. Bg5 a6 22.
a4 h6 23. Bxf6 Qxf6 24. b3 Qg5 25. Ne4 Qe3+ 26. Kh1 Bxf5 27. Nxd6 Nxc4 28. Nxf5
Rxf5 29. Rxf5 Bxa1 30. bxc4 Bg7 31. Qg4 Qc1+ 32. Kh2 Qxc2 33. d6 Rd8 34. Rd5 Qd2
0-1

[Event "SZCZYRK OPEN - TURNIEJ Z OKAZJI SWIETA NIEPODLEGLOSCI - BLITZ 3'+2'' "]
[Site "Szczyrk"]
[Date "2018-11-11"]
[Round "8.70"]
[White "Zmuda, Tomasz"]
[Black "Wozniak, Mateusz "]
[Result "0-1"]
[WhiteTitle ""]
[BlackTitle ""]
[WhiteElo "1174"]
[BlackElo "1106"]

1. e4 c5 2. Nf3 d6 3. c3 Nf6 4. Qc2 Nc6 5. d4 cxd4 6. cxd4 g6 7. Bb5 Bd7 8. Bxc6
Bxc6 9. d5 Bd7 10. O-O Bg7 11. Be3 O-O 12. Qd2 a6 13. Bh6 Rc8 14. Bxg7 Kxg7 15.
Nc3 Qb6 16. e5 dxe5 17. Nxe5 Bf5 18. Qe3 Qxb2 19. Ne2 Nxd5 20. Qd4 Qxd4 21. Nxd4
e6 22. Nxf5+ exf5 23. Rad1 Nf6 24. Rc1 Rfd8 25. f4 Ne4 26. h3 Ng3 27. Rfe1 Rxc1
28. Rxc1 Ne2+ 29. Kf2 Nxc1 30. a4 Rd4 31. Ke3 Rxa4 32. Kd2 Nb3+ 33. Kc3 Nc5 34.
g4 fxg4 35. hxg4 Rxf4 36. Nd3 Nxd3 37. Kxd3 Rxg4 38. Ke3 f5 39. Kf3 b5 40. Kf2
b4 41. Ke2 h5 42. Kd2 h4 43. Ke2 b3 44. Kd2 h3 45. Kc3 h2 46. Kb2 h1=Q 47. Ka3
Qa1+ 0-1

[Event "SZCZYRK OPEN - TURNIEJ Z OKAZJI SWIETA NIEPODLEGLOSCI - BLITZ 3'+2'' "]
[Site "Szczyrk"]
[Date "2018-11-11"]
[Round "8.71"]
[White "Kot, Ewelina "]
[Black "Gawlik, Olivier"]
[Result "0-1"]
[WhiteTitle ""]
[BlackTitle ""]
[WhiteElo "1163"]
[BlackElo "1026"]

1. e4 e5 2. Nf3 Nc6 3. Bc4 Nf6 4. d3 Bc5 5. Bg5 d6 6. h3 O-O 7. Nbd2 h6 8. Bh4
Nd4 9. Nxd4 Bxd4 10. c3 Bc5 11. a4 a5 12. Qb3 b6 13. Bd5 Rb8 14. Nf3 Bb7 0-1

[Event "SZCZYRK OPEN - TURNIEJ Z OKAZJI SWIETA NIEPODLEGLOSCI - BLITZ 3'+2'' "]
[Site "Szczyrk"]
[Date "2018-11-11"]
[Round "8.72"]
[White "Polakiewicz, Blanka"]
[Black "Gibas, Aleksander"]
[Result "1-0"]
[WhiteTitle ""]
[BlackTitle ""]
[WhiteElo "1134"]
[BlackElo "1032"]

1. e4 e5 2. Nf3 Nc6 3. Bb5 Nd4 4. Nxd4 exd4 5. O-O c6 6. Bc4 d5 7. exd5 cxd5 8.
Re1+ Be7 9. Bb5+ Bd7 10. Bxd7+ Qxd7 11. c3 dxc3 12. Nxc3 d4 13. Ne2 O-O-O 14.
d3 Bb4 15. Bd2 Bxd2 16. Qxd2 Nf6 17. Qf4 Qd6 18. Qxd6 Rxd6 19. Rac1+ Kb8 20. Rc4
Rhd8 21. Rec1 b5 22. Rc5 a6 23. Rc6 Kb7 24. Rc7+ Kb8 25. Rxf7 R8d7 26. Rxd7 Rxd7
27. h3 Re7 28. Nxd4 Rd7 29. Nc6+ Kb7 30. Na5+ Ka7 31. Rd1 Kb6 32. Nb3 a5 33. d4
a4 34. Nc1 b4 35. Ne2 Kb5 36. Nf4 Kc4 37. Ne6 g6 38. Rc1+ Kb5 39. Nc7+ Kb6 40.
Ne6 Ne4 41. Re1 Nf6 42. Nf8 Rxd4 43. Re6+ Rd6 44. Rxd6+ Kc7 45. Rxf6 Kd8 46. Nxh7
b3 47. axb3 axb3 48. Rb6 Kc7 49. Rxb3 g5 50. Nxg5 Kc6 51. Rc3+ Kd5 52. b4 Kd4
53. b5 Kxc3 54. b6 Kc4 55. b7 Kd5 56. b8=Q Kc5 57. Qd8 Kc6 58. Qe7 Kd5 59. Qf6
Kc4 60. Qd6 Kc3 61. Qd5 Kb4 62. Qc6 Kb3 63. Qc5 Kb2 64. Qc4 Kb1 65. Qe2 Kc1 66.
Kf1 Kb1 67. Ke1 Kc1 68. Qd2+ Kb1 69. Ke2 Ka1 70. Kd3 Kb1 71. Kc3 Ka1 72. Qb2#
1-0

[Event "SZCZYRK OPEN - TURNIEJ Z OKAZJI SWIETA NIEPODLEGLOSCI - BLITZ 3'+2'' "]
[Site "Szczyrk"]
[Date "2018-11-11"]
[Round "8.74"]
[White "Jaros, Emilia"]
[Black "Fic, Joanna"]
[Result "1-0"]
[WhiteTitle ""]
[BlackTitle ""]
[WhiteElo "1117"]
[BlackElo "1004"]

1. e4 c5 2. Nf3 d6 3. d4 cxd4 4. Nxd4 e5 5. Nf3 Nc6 6. Nc3 Be6 7. Bb5 Qc7 8. O-O
Nf6 9. Re1 Be7 10. Bg5 O-O 11. Qd2 a6 12. Bxc6 Qxc6 13. b3 h6 14. Bh4 Rfd8 15.
Rad1 d5 16. exd5 Bxd5 17. Nxd5 Nxd5 18. Rxe5 Bxh4 19. Nxh4 Nf6 20. Qe1 Rxd1 21.
Qxd1 Rc8 22. c4 b5 23. cxb5 Qc1 24. Re1 Qxd1 25. Rxd1 axb5 26. h3 Ne4 27. Re1
Nc3 28. Re5 1-0

[Event "SZCZYRK OPEN - TURNIEJ Z OKAZJI SWIETA NIEPODLEGLOSCI - BLITZ 3'+2'' "]
[Site "Szczyrk"]
[Date "2018-11-11"]
[Round "8.75"]
[White "Kubaszewski, Artur "]
[Black "Szwacinska, Wiktoria "]
[Result "1-0"]
[WhiteTitle ""]
[BlackTitle ""]
[WhiteElo "1050"]
[BlackElo "1117"]

1. e4 e5 2. Nf3 Nc6 3. Bb5 d6 4. d4 a6 5. Bc4 Bg4 6. d5 Nd4 7. Nbd2 Nf6 8. h3 Nxf3+
9. Nxf3 Bd7 10. Qe2 Be7 11. Bg5 h6 12. Bh4 g5 13. Bg3 Nh5 14. Nd2 Nxg3 15. fxg3
Bf6 16. O-O-O Qe7 17. Rhf1 O-O-O 18. Nb3 b5 19. Bd3 Kb7 20. Na5+ Kb6 21. Nb3 c5
22. dxc6 Bxc6 23. Qe3+ Kc7 24. Na5 Qe6 25. Qa7+ Kc8 26. Nxc6 Qxa2 27. Nxd8 Qa1+
28. Kd2 Qxb2 29. Qb8+ Kxb8 30. Nc6+ Kc7 31. Rb1 Qa2 32. Bxb5 axb5 33. Nb4 Qe6
34. Na6+ Kc6 35. Nb4+ Kb6 36. Ra1 Rc8 37. Ra6+ Kb7 38. Rfa1 1-0

[Event "SZCZYRK OPEN - TURNIEJ Z OKAZJI SWIETA NIEPODLEGLOSCI - BLITZ 3'+2'' "]
[Site "Szczyrk"]
[Date "2018-11-11"]
[Round "8.77"]
[White "Sidlo, Szymon"]
[Black "Sprzeczka, Emilia"]
[Result "1-0"]
[WhiteTitle ""]
[BlackTitle ""]
[WhiteElo "1103"]
[BlackElo "1107"]

1. e4 e5 2. Nf3 Nc6 3. Nc3 Nf6 4. Bb5 Nd4 5. Bc4 Nxf3+ 6. Qxf3 a6 7. d3 b5 8. Bb3
c5 9. Bg5 Be7 10. Bxf6 Bxf6 11. Nd5 d6 12. Nxf6+ Qxf6 13. Qxf6 gxf6 14. O-O-O
Bg4 15. f3 Be6 16. Bxe6 fxe6 17. g4 d5 18. exd5 exd5 19. Rhe1 d4 20. f4 Kf7 21.
fxe5 fxe5 22. Rxe5 Rae8 23. Rde1 Rxe5 24. Rxe5 Rc8 25. Kd1 c4 26. Kd2 cxd3 27.
Kxd3 Rd8 28. Re4 Kf6 29. Rxd4 Rxd4+ 30. Kxd4 Kg5 31. Ke3 Kxg4 32. b3 Kh3 33. Kf4
h5 34. Kg5 h4 35. c4 bxc4 36. bxc4 Kxh2 37. Kxh4 Kg2 38. c5 Kf3 39. c6 Ke3 40.
c7 Kd3 41. c8=Q a5 42. Qa6+ Kd4 43. Qxa5 Ke4 44. Kg3 Kd4 45. Qb6+ Ke4 46. Qc6+
Kd4 47. Kf4 Kd3 48. Qe4+ Kc3 49. Ke3 Kb2 50. Qb4+ Kc2 51. a4 Kc1 52. Qd2+ Kb1
53. Kd3 Ka1 54. Kc3 Kb1 55. Qb2# 1-0

[Event "SZCZYRK OPEN - TURNIEJ Z OKAZJI SWIETA NIEPODLEGLOSCI - BLITZ 3'+2'' "]
[Site "Szczyrk"]
[Date "2018-11-11"]
[Round "8.78"]
[White "Zalega, Joanna "]
[Black "Opalka, Marta"]
[Result "0-1"]
[WhiteTitle ""]
[BlackTitle ""]
[WhiteElo "1015"]
[BlackElo "1107"]

1. d4 d5 2. c4 dxc4 3. Nc3 Nc6 4. Nf3 Nf6 5. e4 Bg4 6. Be3 e6 7. Bxc4 Bb4 8. Be2
Nxe4 9. Qc2 Nf6 10. O-O O-O 11. Rad1 Nh5 12. h3 Bf5 13. Qb3 Qf6 14. a3 Ba5 15.
Qxb7 Ne7 16. Qa6 Bb6 17. Nb5 Qg6 18. Kh2 c6 19. Nd6 Bc7 20. g3 Bxd6 21. Kg2 Be4
22. Kh2 0-1

[Event "SZCZYRK OPEN - TURNIEJ Z OKAZJI SWIETA NIEPODLEGLOSCI - BLITZ 3'+2'' "]
[Site "Szczyrk"]
[Date "2018-11-11"]
[Round "9.1"]
[White "Galuszka, Tomasz "]
[Black "Warakomski, Tomasz "]
[Result "0-1"]
[WhiteTitle ""]
[BlackTitle ""]
[WhiteElo "1787"]
[BlackElo "2572"]

1. e4 c5 2. Nf3 e6 3. d3 Nc6 4. g3 e5 5. Bg2 g6 6. O-O Bg7 7. Nc3 Nge7 8. Nd2 d6
9. Nc4 O-O 10. a4 f5 11. f4 Kh8 12. Nd5 Nxd5 13. exd5 Na5 14. fxe5 Nxc4 15. dxc4
dxe5 16. Be3 Qd6 17. b4 b6 18. bxc5 bxc5 19. Rb1 Bd7 20. Qd2 Bxa4 21. Qa5 Bxc2
22. Bxc5 Qd8 23. Ra1 Qxa5 24. Rxa5 Rfc8 25. Rc1 e4 26. Kh1 Bd3 27. Bf1 Bxf1 28.
Rxf1 Bc3 29. Rxa7 Rxa7 30. Bxa7 Rxc4 31. Rc1 Ra4 32. Be3 Be5 33. Bh6 Kg8 34. Rd1
Kf7 35. Kg2 Rd4 36. Rxd4 Bxd4 37. Bf4 Kf6 38. d6 Ke6 39. h3 Bc5 40. g4 Bxd6 41.
Be3 f4 0-1

[Event "SZCZYRK OPEN - TURNIEJ Z OKAZJI SWIETA NIEPODLEGLOSCI - BLITZ 3'+2'' "]
[Site "Szczyrk"]
[Date "2018-11-11"]
[Round "9.2"]
[White "Plichta, Kamil "]
[Black "Demski, Michal "]
[Result "1-0"]
[WhiteTitle ""]
[BlackTitle ""]
[WhiteElo "2388"]
[BlackElo "1762"]

1. Nh3 e5 2. g3 d5 3. f3 Nf6 4. Nf2 Nc6 5. Bg2 Bd6 6. O-O Be6 7. d3 O-O 8. e4 d4
9. f4 Bd7 10. f5 h6 11. Nd2 Kh7 12. Nf3 g6 13. g4 Rg8 14. Kh1 gxf5 15. gxf5 Qf8
16. Rg1 Ng4 17. Nxg4 Rxg4 18. Bd2 Qg7 19. Qe2 Rg8 20. Bh3 Rxg1+ 21. Rxg1 Qf8 22.
Ng5+ Kh8 23. Qh5 Be8 24. f6 Rg6 25. Bf5 Rxf6 26. Nh7 Qe7 27. Bg5 Nb4 28. Bxf6+
1-0

[Event "SZCZYRK OPEN - TURNIEJ Z OKAZJI SWIETA NIEPODLEGLOSCI - BLITZ 3'+2'' "]
[Site "Szczyrk"]
[Date "2018-11-11"]
[Round "9.3"]
[White "Faron, Rafal "]
[Black "Jaroch, Karol"]
[Result "1-0"]
[WhiteTitle ""]
[BlackTitle ""]
[WhiteElo "2207"]
[BlackElo "2311"]

1. c4 e6 2. g3 Nf6 3. Bg2 Be7 4. Nf3 O-O 5. O-O b6 6. b3 Bb7 7. Bb2 d6 8. d3 Nbd7
9. Nbd2 e5 10. Qc2 Re8 11. Rad1 Nf8 12. d4 exd4 13. Nxd4 Bxg2 14. Kxg2 Qd7 15.
Qf5 Ne6 16. Nxe6 fxe6 17. Qd3 Qc6+ 18. Kg1 Rad8 19. Nf3 e5 20. Qf5 Qe4 21. Qe6+
Kh8 22. Ng5 h6 23. Nxe4 Nxe4 24. Qd5 Nf6 25. Qd3 Rf8 26. f3 Nh7 27. Qd5 a5 28.
Qc6 Rc8 29. f4 Bf6 30. fxe5 dxe5 31. Rd7 Ng5 32. h4 Nh7 33. Rxc7 Rcd8 34. Rd7
Rb8 35. Qd5 Rfe8 36. Qf7 Rf8 37. Qg6 Rbe8 38. Rf3 1-0

[Event "SZCZYRK OPEN - TURNIEJ Z OKAZJI SWIETA NIEPODLEGLOSCI - BLITZ 3'+2'' "]
[Site "Szczyrk"]
[Date "2018-11-11"]
[Round "9.4"]
[White "Piotrowski, Przemyslaw "]
[Black "Duda, Lukasz "]
[Result "1/2-1/2"]
[WhiteTitle ""]
[BlackTitle ""]
[WhiteElo "2287"]
[BlackElo "2201"]

1. d4 d5 2. Nf3 Nf6 3. g3 e6 4. Bg2 c5 5. O-O Nc6 6. c4 dxc4 7. Qa4 Bd7 8. Qxc4
cxd4 9. Nxd4 Qb6 10. Nxc6 Bxc6 11. Bxc6+ bxc6 12. Be3 Qb7 13. Nc3 Be7 14. Rac1
O-O 15. b3 Rac8 16. Na4 Nd5 17. Bc5 Bxc5 18. Nxc5 Qe7 19. e4 Nb6 20. Qe2 Rfd8
21. b4 Nd7 22. Qe3 Ne5 23. f4 Ng4 24. Qe2 Nf6 25. Rfd1 Rxd1+ 26. Rxd1 Rd8 27.
a3 h6 28. Rd3 Rxd3 29. Qxd3 a5 30. Qd4 axb4 31. axb4 Qa7 32. Qd8+ Kh7 33. Qa5
Qe7 34. e5 Nd5 35. Qa4 g5 36. Qc2+ Kg7 37. f5 exf5 38. Qxf5 Nxb4 39. e6 Nd5 40.
exf7 Qxc5+ 41. Kh1 Qc1+ 42. Kg2 Qd2+ 43. Kh3 Nf4+ 44. gxf4 Qe3+ 45. Kg4 Qe2+ 46.
Kg3 Qe3+ 47. Kg2 Qa3 1/2-1/2

[Event "SZCZYRK OPEN - TURNIEJ Z OKAZJI SWIETA NIEPODLEGLOSCI - BLITZ 3'+2'' "]
[Site "Szczyrk"]
[Date "2018-11-11"]
[Round "9.5"]
[White "Michalski, Karol "]
[Black "Kowalczyk, Rafal "]
[Result "0-1"]
[WhiteTitle ""]
[BlackTitle ""]
[WhiteElo "2006"]
[BlackElo "2286"]

1. d4 Nf6 2. c4 e6 3. Nc3 Bb4 4. g3 O-O 5. Bg2 c5 6. a3 Bxc3+ 7. bxc3 d6 8. Nf3
Nc6 9. O-O b6 10. Ne5 dxe5 11. Bxc6 Ba6 12. Bxa8 Qxa8 13. dxe5 Ng4 14. Bf4 f6
15. Qd6 Bxc4 16. f3 Rd8 17. Qc7 Rc8 18. Qd7 Nxe5 19. Bxe5 fxe5 20. Rfd1 Bxe2 21.
Qxe6+ Kh8 22. Rd5 Bc4 23. Rd8+ Rxd8 24. Qxc4 Qxf3 25. Re1 h6 26. Qf1 Qxf1+ 27.
Kxf1 Re8 28. Ke2 Kg8 29. Kd3 Kf7 30. Kc4 Ke6 31. Kb5 Rd8 32. a4 Rd7 33. c4 Rf7
34. a5 bxa5 35. Kxc5 Rb7 36. Kc6 Rb4 37. c5 a4 38. Ra1 e4 39. Kc7 Kd5 40. c6 Rc4
41. Rd1+ Ke5 42. Kd7 e3 43. c7 Ke4 44. Rd6 Rxc7+ 45. Kxc7 e2 46. Ra6 Kf3 47. Rxa4
e1=Q 48. Rxa7 Qe7+ 49. Kb6 Qxa7+ 0-1

[Event "SZCZYRK OPEN - TURNIEJ Z OKAZJI SWIETA NIEPODLEGLOSCI - BLITZ 3'+2'' "]
[Site "Szczyrk"]
[Date "2018-11-11"]
[Round "9.6"]
[White "Marszalek, Maciej"]
[Black "Krol, Rafal"]
[Result "1-0"]
[WhiteTitle ""]
[BlackTitle ""]
[WhiteElo "2259"]
[BlackElo "1926"]

1. d4 Nf6 2. Nf3 e6 3. g3 Be7 4. Bg2 d5 5. O-O O-O 6. c4 dxc4 7. Qc2 a6 8. a4 Nbd7
9. Qxc4 c5 10. dxc5 Nxc5 11. Qc2 Qb6 12. Nbd2 Bd7 13. Ne5 Rac8 14. Nxd7 Ncxd7
15. Qb3 Nd5 16. Bxd5 exd5 17. Qxd5 Rfd8 18. Qe4 Bf6 19. Rb1 Nc5 20. Qf3 Nxa4 21.
Ne4 Bd4 22. Bf4 Rc2 23. b3 Nc5 24. Rbd1 Ne6 25. e3 Bc5 26. Rxd8+ Qxd8 27. Nxc5
Nxc5 28. Be5 Ne6 29. Qxb7 h6 30. Qxa6 Qd5 31. Ba1 Rc6 32. Qa8+ Kh7 33. Qa2 Qf5
34. Qe2 Rc2 35. Qd1 Ng5 36. f3 Nh3+ 37. Kh1 Nf2+ 38. Rxf2 Rxf2 39. Kg1 Qxf3 40.
Qxf3 1-0

[Event "SZCZYRK OPEN - TURNIEJ Z OKAZJI SWIETA NIEPODLEGLOSCI - BLITZ 3'+2'' "]
[Site "Szczyrk"]
[Date "2018-11-11"]
[Round "9.7"]
[White "Goluch, Piotr"]
[Black "Kietrys, Maciej"]
[Result "1-0"]
[WhiteTitle ""]
[BlackTitle ""]
[WhiteElo "2205"]
[BlackElo "1492"]

1. d4 d5 2. c4 c6 3. Nf3 Nf6 4. Nc3 e6 5. Bg5 dxc4 6. e4 b5 7. e5 h6 8. Bh4 g5
9. Nxg5 hxg5 10. Bxg5 Be7 11. exf6 Bxf6 12. Bxf6 Qxf6 13. g3 Bb7 14. Bg2 a6 15.
Ne4 Qe7 16. Nc5 Qc7 17. Qf3 Ke7 18. O-O Rc8 19. Rfe1 Nd7 20. Re3 Nxc5 21. dxc5
Rd8 22. Rae1 Rd4 23. Qh5 Rad8 24. Rxe6+ fxe6 25. Qh7+ 1-0

[Event "SZCZYRK OPEN - TURNIEJ Z OKAZJI SWIETA NIEPODLEGLOSCI - BLITZ 3'+2'' "]
[Site "Szczyrk"]
[Date "2018-11-11"]
[Round "9.8"]
[White "Sroka, Janusz"]
[Black "Dytman, Radoslaw "]
[Result "1-0"]
[WhiteTitle ""]
[BlackTitle ""]
[WhiteElo "2133"]
[BlackElo "1786"]

1. e4 e5 2. Nf3 Nc6 3. d3 Bc5 4. c3 d6 5. Be2 Nf6 6. O-O a6 7. Nbd2 O-O 8. b4 Ba7
9. a4 h6 10. Ba3 Be6 11. b5 Ne7 12. bxa6 bxa6 13. d4 exd4 14. Nxd4 Qd7 15. Qc2
Ng6 16. f4 Bg4 17. Bd3 c5 18. N2b3 cxd4 19. Nxd4 Rfc8 20. Qd2 Qc7 21. Rac1 Bd7
22. Kh1 Bxa4 23. Bxa6 Re8 24. Bd3 Nxe4 25. Bxe4 Rxe4 26. f5 Ne5 27. f6 Ng6 28.
fxg7 Kxg7 29. Nf5+ Kf8 30. Bxd6+ Qxd6 31. Qxd6+ Kg8 32. Nxh6+ Kh7 33. Nxf7 Be3
34. Rce1 Rae8 35. Rxe3 Rxe3 36. Ng5+ Kh6 37. Qd2 Bc6 38. Nf3 Bxf3 39. Rxf3 Kg7
40. Rxe3 1-0

[Event "SZCZYRK OPEN - TURNIEJ Z OKAZJI SWIETA NIEPODLEGLOSCI - BLITZ 3'+2'' "]
[Site "Szczyrk"]
[Date "2018-11-11"]
[Round "9.9"]
[White "Sulkowski, Andrzej "]
[Black "Korbal, Arkadiusz"]
[Result "0-1"]
[WhiteTitle ""]
[BlackTitle ""]
[WhiteElo "1693"]
[BlackElo "2099"]

1. d4 e6 2. c4 c5 3. d5 exd5 4. cxd5 d6 5. Nc3 Nf6 6. e4 g6 7. f4 Bg7 8. Bb5+ Bd7
9. e5 Nh5 10. e6 Bxb5 11. Nxb5 Qa5+ 12. Nc3 Bxc3+ 13. bxc3 Qxc3+ 14. Bd2 Qd4 15.
Ne2 Qxd5 16. exf7+ Qxf7 17. Bc3 O-O 18. O-O d5 19. Be5 Nc6 20. Bd6 b6 21. Bxf8
Rxf8 22. Qd2 Nf6 23. Nc3 d4 24. Nb5 a6 25. Nd6 Qd5 26. Nb7 Ne7 27. Na5 bxa5 28.
Qxa5 Nf5 29. Kh1 Ne3 30. Rf3 Nh5 31. Qxa6 Nxf4 32. Re1 Nfxg2 33. Rxf8+ Kxf8 34.
Qc8+ Kg7 35. Qc7+ Kh6 36. Rxe3 Nxe3+ 37. Kg1 Qg2# 0-1

[Event "SZCZYRK OPEN - TURNIEJ Z OKAZJI SWIETA NIEPODLEGLOSCI - BLITZ 3'+2'' "]
[Site "Szczyrk"]
[Date "2018-11-11"]
[Round "9.10"]
[White "Jagodzinski, Mariusz "]
[Black "Chylewski, Patryk"]
[Result "1/2-1/2"]
[WhiteTitle ""]
[BlackTitle ""]
[WhiteElo "1797"]
[BlackElo "2097"]

1. Nf3 d5 2. b3 Nf6 3. Bb2 g6 4. e3 Bg7 5. d4 O-O 6. Bd3 b6 7. Nbd2 Bb7 8. O-O
Ne4 9. c4 e6 10. Rc1 Nd7 11. cxd5 exd5 12. Qc2 Nxd2 13. Nxd2 Rc8 14. Nf3 c5 15.
Qd2 Re8 16. dxc5 Bxb2 17. Qxb2 bxc5 18. Bb5 Qe7 19. Rfd1 Red8 20. Bxd7 Rxd7 21.
Qe5 Qxe5 22. Nxe5 Rdc7 23. f3 Kf8 24. Kf2 Ke7 25. h4 Ke6 26. Nd3 h6 27. Nf4+ Ke5
28. Nd3+ Ke6 29. Nf4+ Ke5 30. Nd3+ Ke6 31. Nf4+ Ke5 1/2-1/2

[Event "SZCZYRK OPEN - TURNIEJ Z OKAZJI SWIETA NIEPODLEGLOSCI - BLITZ 3'+2'' "]
[Site "Szczyrk"]
[Date "2018-11-11"]
[Round "9.11"]
[White "Kania, Pawel "]
[Black "Cichon, Michal "]
[Result "0-1"]
[WhiteTitle ""]
[BlackTitle ""]
[WhiteElo "1644"]
[BlackElo "2023"]

1. e4 e5 2. Nf3 Nc6 3. d4 exd4 4. Bc4 Be7 5. O-O d6 6. Nxd4 Nf6 7. Nc3 O-O 8. Nxc6
bxc6 9. Bb3 Nd7 10. f4 Ba6 11. Re1 Bf6 12. Qf3 Bd4+ 13. Be3 Qf6 14. Bxd4 Qxd4+
15. Qe3 Qxe3+ 16. Rxe3 Nc5 17. Rae1 Rab8 18. Ne2 Bxe2 19. R3xe2 Rfe8 20. Kf2 Kf8
21. e5 d5 22. g4 Rb4 23. Kf3 Ne6 24. f5 Nd4+ 25. Kf2 Nxe2 26. Rxe2 Rxg4 27. h3
Rf4+ 28. Kg3 Rxf5 29. Ba4 Rfxe5 30. Rd2 R8e6 31. c4 Re3+ 32. Kg4 R6e4+ 33. Kf5
Rf3+ 34. Kg5 f6+ 35. Kh5 Rxh3# 0-1

[Event "SZCZYRK OPEN - TURNIEJ Z OKAZJI SWIETA NIEPODLEGLOSCI - BLITZ 3'+2'' "]
[Site "Szczyrk"]
[Date "2018-11-11"]
[Round "9.12"]
[White "Dziodzio, Angelika "]
[Black "Iwanczuk, Krzysztof"]
[Result "1-0"]
[WhiteTitle ""]
[BlackTitle ""]
[WhiteElo "2018"]
[BlackElo "1735"]

1. e4 c5 2. Nf3 g6 3. c4 Bg7 4. Nc3 Nc6 5. g3 d6 6. Bg2 e5 7. O-O Nge7 8. d3 h6
9. Rb1 a6 10. a3 Rb8 11. b4 cxb4 12. axb4 b5 13. cxb5 axb5 14. Ne2 Qb6 15. Be3
Nd4 16. Nfxd4 exd4 17. Bd2 O-O 18. f4 f5 19. Qb3+ Kh7 20. Kh1 Bb7 21. Rbc1 Rfc8
22. Qe6 Qd8 23. g4 Rxc1 24. Rxc1 Bc8 25. Qf7 fxg4 26. Nxd4 Qf8 27. Qxf8 Bxf8 28.
Rc7 Kg8 29. e5 dxe5 30. fxe5 Nf5 31. Nxb5 Rxb5 32. Rxc8 Rxe5 33. Bc3 Re2 34. Kg1
Rc2 35. Bd5+ Kh7 36. Rc7+ Bg7 37. Be5 Rxc7 38. Bxc7 Bd4+ 39. Kh1 g3 40. hxg3 Ne3
41. Be4 Nc2 42. b5 Nb4 43. b6 Na6 44. Bd8 h5 45. Kg2 Kg7 46. Kh3 Kh6 47. b7 Ba7
48. Bc7 Nb8 49. Bf4+ Kh7 50. Kh4 Na6 51. Kg5 Nc5 52. Bxg6+ Kg7 53. Be5+ Kg8 54.
Kxh5 Nd7 55. Bd6 Nf6+ 56. Kg5 Nd7 57. g4 Kg7 58. Bf5 Nb8 59. Be5+ Kg8 60. d4 Nc6
61. Be6+ Kf8 62. Bd6+ Kg7 63. d5 Nb8 64. Be5+ Kf8 65. Kg6 Na6 66. g5 Nb8 67. Kf6
Na6 68. g6 1-0

[Event "SZCZYRK OPEN - TURNIEJ Z OKAZJI SWIETA NIEPODLEGLOSCI - BLITZ 3'+2'' "]
[Site "Szczyrk"]
[Date "2018-11-11"]
[Round "9.14"]
[White "Chaczynski, Kamil"]
[Black "Para, Tomasz "]
[Result "0-1"]
[WhiteTitle ""]
[BlackTitle ""]
[WhiteElo "1486"]
[BlackElo "1896"]

1. e4 c5 2. Nf3 d6 3. Bb5+ Bd7 4. Bxd7+ Nxd7 5. O-O e5 6. c3 Ngf6 7. Qe2 Be7 8.
Rd1 O-O 9. d4 Qc7 10. Na3 a6 11. Bg5 b5 12. Bxf6 Bxf6 13. Rd2 c4 14. Rad1 Nb6
15. Nc2 Na4 16. Ne3 Qb7 17. Nd5 Rae8 18. Nxf6+ gxf6 19. Nh4 Kh8 20. Nf5 Qc7 21.
dxe5 dxe5 22. Rd7 Qc6 23. R7d6 Qa8 24. Rxf6 Nc5 25. Nd6 Re6 26. Rxe6 fxe6 27.
Qh5 Qa7 28. Qxe5+ Kg8 29. Qg5+ Kh8 30. Qe3 Qc7 31. e5 Nd3 32. Rxd3 cxd3 33. Qxd3
Qc5 34. Ne4 Qb6 35. Qd2 Rd8 36. Qe2 Qc6 37. h3 Qd5 38. Nf6 Qd1+ 39. Qxd1 Rxd1+
40. Kh2 Rd2 41. Kg3 Rxb2 42. Ne4 Rxa2 43. Nc5 Re2 44. Kf4 Rxf2+ 45. Kg5 Rf5+ 46.
Kg4 Rxe5 47. Nd7 Re3 0-1